| 000 | 00958cam a2200265 4500 | ||
|---|---|---|---|
| 001 | sa 68013616 | ||
| 003 | DLC | ||
| 005 | 20260227112623.0 | ||
| 008 | 691209s1968 ii ae 100 0 eng | ||
| 010 | _asa 68013616 | ||
| 025 | _aPL480:I-E-9925 | ||
| 040 |
_aDLC _cDLC _dDLC |
||
| 050 | 0 | 0 |
_aHC435.2 _b.I57 1968c |
| 082 | 0 | 0 | _a658/.00954 |
| 111 | 2 |
_aIndian International Trade and Industries Fair, _cMadras, _d1968. |
|
| 245 | 0 | 0 |
_aSouvenir. _cEditorial board: Satish Chander, hony. chief editor [and others]. Advisers: G. K. Shukla [and others] |
| 260 |
_aDelhi, _bPrinted at Oxford and Cambridge Press, for Cultural Meet Publications _c[1968?] |
||
| 300 |
_a162 p. _billus., plan. _c26 cm. |
||
| 350 | _a15.00 | ||
| 500 | _a"Sponsored by the All India Manufacturers Organization". | ||
| 650 | 0 |
_aIndustries _zIndia. |
|
| 650 | 0 |
_aIndustrial management _zIndia. |
|
| 710 | 2 | _aAll-India Manufacturers' Organization. | |
| 700 | 1 |
_aChander, Satish, _eed. |
|
| 999 |
_c85214 _d85214 |
||